| 000 | 01300nam a2200265 a 4500 | ||
|---|---|---|---|
| 003 | AM-YeHGA | ||
| 001 | 1468237 | ||
| 005 | 20250617164519.0 | ||
| 008 | 190228m19621963ru d|||fr||||u000|0|rus|| | ||
| 040 | _aAM-YeHGA | ||
| 041 | 0 | _arus | |
| 044 | _aru | ||
| 080 | _a621.33 | ||
| 100 | 1 | _aОрбелианц, Сергей Амирович | |
| 245 | 1 | 0 |
_aТяговые расчеты : _bЭлектрическая, тепловозная и паровозная тяга : Учебое пособие / _cС. А. Орбелианц, Л. З. Прасов ; Ленинградский ордена Ленина, Институт инженеров железнодорожного транспорта имени академика В. Н. Образцова. |
| 260 |
_aЛенинград : _b[б. и.], _c1962- _c1963. |
||
| 300 |
_aЧасть : _bчерт. ; _c22 см. |
||
| 505 | 1 | 0 | _gЧасть 1(1962 ; 80 с.) |
| 505 | 1 | 0 | _gЧасть 2(1963 ; 70 с.) |
| 650 | 1 | 4 | _aТяга поездов. |
| 700 | 1 | _aПрасов, Л. З. | |
| 710 | 2 |
_aЛенинградский ордена Ленина. _bИнститут инженеров железнодорожного транспорта имени академика В. Н. Образцова. |
|
| 942 |
_2udc _cBK |
||
| 090 | _c532807 | ||
| 999 |
_c525579 _d525579 |
||